| 000 | 01094nam0a22002891 4500 | ||
|---|---|---|---|
| 001 | rc\459687 | ||
| 005 | 20030616171900.4 | ||
| 010 |
_a5-340-00125-3 _96200 |
||
| 035 | _a(NLR Aleph) 005704209 | ||
| 090 |
_a7309605 _c7309605 |
||
| 100 | _a20030616d1988 u |0rusy50 ca | ||
| 101 | 0 | _arus | |
| 102 | _aRU | ||
| 105 | _aa ||||||||| | ||
| 200 | 1 |
_aКолесо обозрения _eСтихи, поэмы _fИван Бурсов _g[Послесл. Р. Бородулина] |
|
| 210 |
_aМинск _cМастац. лiт. _d1988 |
||
| 215 |
_a285, [1] с., [1] л. портр. _d17 |
||
| 327 | 1 | _aСодерж.: Стихи; Поэмы: Песочные часы; След крыльев на белых страницах: Конспект | |
| 464 | 0 | _12001#$aСтихи | |
| 464 | 0 | _12001#$aПесочные часы | |
| 464 | 0 | _12001#$aСлед крыльев на белых страницах | |
| 700 | 1 |
_aБурсов _bИ. Т. _f1927- _gИван Терентьевич |
|
| 801 | 0 |
_aRU _bNLR _gpsbo |
|
| 801 | 1 |
_aRU _bELAR _2rusmarc |
|
| 852 |
_aNLR _j88-2/1914 |
||
| 942 | _cBOOK | ||
| 980 | _aNB | ||